| 000 | 00409nam a2200169Ia 4500 | ||
|---|---|---|---|
| 001 | 4808 | ||
| 005 | 20250626025144.0 | ||
| 008 | 211022s9999 xx 000 0 und d | ||
| 082 | _a723.3 GAR | ||
| 100 | _aGarlake, Peter S. | ||
| 245 | 4 | _aThe early Islamic architecture of the East African coast | |
| 260 | _aNairobi | ||
| 260 | _bOxford University Press | ||
| 260 | _c1966 | ||
| 300 | _a207 | ||
| 942 | _cBK | ||
| 999 |
_c2302 _d2302 |
||